Ayurvedic cookbook: A personalized guide to good nutrition and health (Record no. 5159)

MARC details
000 -LEADER
fixed length control field 00512nam a2200169Ia 4500
008 - FIXED-LENGTH DATA ELEMENTS--GENERAL INFORMATION
fixed length control field 230917s9999||||xx |||||||||||||| ||und||
020 ## - ISBN
Price RS 295.00
040 ## - CATALOGING SOURCE
-- 5001001
Original cataloging agency VIVEKANANDA LIBRARY
041 ## - Language
-- English
082 ## - DDC NUMBER
Classification number 641.5636 M829A
100 ## - MAIN ENTRY--PERSONAL NAME
Personal name Morningstar, Amadea
245 #0 - TITLE STATEMENT
Title Ayurvedic cookbook: A personalized guide to good nutrition and health
260 ## - PUBLICATION, DISTRIBUTION, ETC. (IMPRINT)
Place of publication, distribution, etc Delhi
Name of publisher, distributor, etc Motilal Banarsidass Publishers
Date of publication, distribution, etc 2017
300 ## - PHYSICAL DESCRIPTION
Pages xiv, 350 p.
500 ## - GENERAL NOTE
General note 4500 25/01/2022 HBD22/9328 11/03/2022 Main Budget
942 ## - ADDED ENTRY ELEMENTS (KOHA)
Koha item type Books
Holdings
Withdrawn status Lost status Damaged status Not for loan Location (home branch) Sublocation or collection (holding branch) Shelving location Date acquired Koha issues (times borrowed) Koha full call number Accession No. Koha date last seen Koha item type
        VIVEKANANDA LIBRARY VIVEKANANDA LIBRARY IHTM Library 27/03/2022   641.5636 M829A 400864 17/09/2023 Books
        VIVEKANANDA LIBRARY VIVEKANANDA LIBRARY IHTM Library 27/03/2022   641.5636 M829A 400865 17/09/2023 Books
        VIVEKANANDA LIBRARY VIVEKANANDA LIBRARY IHTM Library 27/03/2022   641.5636 M829A 400866 17/09/2023 Books
        VIVEKANANDA LIBRARY VIVEKANANDA LIBRARY IHTM Library 27/03/2022   641.5636 M829A 400867 17/09/2023 Books
        VIVEKANANDA LIBRARY VIVEKANANDA LIBRARY IHTM Library 27/03/2022 1 641.5636 M829A 400868 09/09/2025 Books
© Designed and Maintained by Vivekananda Library, MDU Rohtak